00833cam a22002654a 45000010009000000050017000090080041000260100017000670200015000840350020000990400023001190410008001420420008001500600023001580800018001810820021001991000006002201010008002262450079002345040064003139060045003779420012004229990017004349520116004511215767420180809050218.0000828s2001 nyuaf b 001 0 eng c a 00064372  a0443076405 a(DNLM)100963431 aDNLM/DLCcDLCdDLC aeng apcc10aWG 220bL756e 2001 a616.120 LIN 00a616.120 LIN2211 a7 aKAR10aPractical echocardiography of congenital heart disease :cDavid T. Linker. aIncludes bibliographical references (p. 193-194) and index. a7bcbccorignewd1eocipf20gy-gencatlg 2udccBK c46957d46957 00102ddc40708PËKGa002b002cPËKGd2018-08-09l0o616.120 LINp002-3010749r2018-08-09w2018-08-09yBK